แสดงรายละเอียดบรรณานุกรม
  กลับหน้าหลัก

Brief Record : Get Marc (ISO 2709) : E-mail record : QR code ปิดหน้าต่าง
E-books : เกี่ยวกับ Collections
LEADER 00000nam 2200000uu 4500
001    206143
003     ULIBM
008    110622s2007||||th 000 0 tha d
020    978-0-07-146288-2
060  0 WM 40 C337 2007
245 00 ^aCase files : psychiatry./^b[edited by] Eugene C. Toy, Debra Klamen.
250    ^a2 nd ed.
260    ^aNew York :^bMC graw hill,^c2007.
300    ^a 464 p. ;^bill.
650  0 ^aMental Disorders - - ^xtherapy - - ^xcase report.
650  0 ^aPsychology Clinical - - ^xcase report.
700 0  ^aToy, Eugene C.
999    ^aใช้งานได้ทุกระบบ
รายการนี้ยังไม่มีแท็ก
คุณยังไม่ได้ล็อกอิน คุณสามารถมีกิจกรรมร่วมกับเว็บไซต์ได้ แต่ต้องล็อกอินก่อน ::
  ล็อกอิน
ลำดับที่ ประเภท เลขเรียก สถานที่ สถานะ
1. หนังสือทั่วไป
หนังสือทั่วไป
WM 40 C337 2007  
  
หนังสือภาษาอังกฤษ On Shelf
  ขอยืม
2. หนังสือทั่วไป
หนังสือทั่วไป
WM 40 C337 2007 ฉ.2 
  
หนังสือภาษาอังกฤษ On Shelf
  ขอยืม
3. หนังสือทั่วไป
หนังสือทั่วไป
WM 40 C337 2007 ฉ.3 
  
หนังสือภาษาอังกฤษ On Shelf
  ขอยืม
   [แสดง 3/3 รายการ]

BibComment


ยังไม่เคยถูกคอมเมนท์

คอมเมนท์ทรัพยากรรายการนี้
  คอมเมนท์: Case files psyc..
Bib 206143

 
 
 

 Union Library Management : ULibM
Copyright 2026. All Rights Reserved.
скачать бесплатно без регистрации порно красивый секс HD Sex Hindi sex

xxx gou

xxxx

bfxxx

xxxwww

Секса Видео

xxxx

Секса Видео

detube

geilexxx

C99 Shell

worms shell

blod xxx video
Ebony Coed Rihanna Rimes Takes A Dick In Her Young Twat priyaa indian fuck anal and pusssy hardcore indian women xxx desi hardcore fucking part 1 bengalixxxcouple